| 000 | 00559nam a22001697a 4500 | ||
|---|---|---|---|
| 020 | _qHard Cover. | ||
| 082 | _a621.3 | ||
| 100 | _aMazoor, Aunas | ||
| 245 |
_aUnordered Escape Routing in Dense PCBs using Optimization Theory / _cAnnas Manzoor. |
||
| 260 |
_aIslamabad: _bSEECS - NUST, _c2014. |
||
| 300 |
_axii, 68 p. : ill. ; _c30cm. |
||
| 650 |
_aMs Thesis. _918721 |
||
| 700 |
_aDr. Anjum Naveed. _918513 |
||
| 856 | _uhttp://10.250.8.41:8080/xmlui/handle/123456789/9447 | ||
| 942 |
_2ddc _cTHE |
||
| 999 |
_c528174 _d528174 |
||